000 00322nam a2200121Ia 4500
008 240731s9999 xx 000 0 und d
022 _a2330-8257
245 0 _aReviews in Fisheries Science & Aquaculture
260 _bTaylor & Francis
856 _uhttps://www.tandfonline.com/loi/brfs21
942 _2ddc
942 _cTFEJ
999 _c79248
_d79248
945 _a1
_bMadushi Gamage
_c1
_dMadushi Gamage